[Event "CZE-chT2f 0506"]
[Site "Czech Republic"]
[Date "2006.03.12"]
[Round "9.8"]
[White "Psenicka, Pavel"]
[Black "Belunek, Zdenek"]
[Result "1-0"]
[WhiteElo "1931"]
[BlackElo "1892"]
[PlyCount "139"]
[EventDate "2005.10.16"]
[EventType "team"]
[EventRounds "11"]
[EventCountry "CZE"]
[SourceTitle "EXT 2009"]
[Source "ChessBase"]
[SourceDate "2008.11.26"]
[SourceVersion "1"]
[SourceVersionDate "2008.11.26"]
[SourceQuality "1"]

1. e4 e5 2. Nf3 Nc6 3. Bb5 a6 4. Ba4 Nf6 5. d3 d6 6. c3 b5 7. Bc2 Bb7 8. Nbd2 g6 9. Nf1 Bg7 10. Ng3 0-0 11. h4 h5 12. Bg5 Qd7 13. Qe2 Rfe8 14. 0-0 Nh7 15. a4 Qg4 16. Qd2 Nxg5 17. Qxg5 Qxg5 18. Nxg5 Rf8 19. axb5 axb5 20. Rxa8 Bxa8 21. Bb3 Bh6 22. Ra1 Bb7 23. Bd5 Bxg5 24. hxg5 Ra8 25. Rxa8+ Bxa8 26. Ne2 Bb7 27. Bxc6 Bxc6 28. f3 Kf8 29. Kf2 Ke7 30. Ke3 Bd7 31. d4 Be6 32. Nc1 Bc8 33. Nd3 Ke6 34. f4 exf4+ 35. Nxf4+ Kd7 36. Nd5 Bb7 37. Nf6+ Ke7 38. g3 Bc8 39. Nd5+ Kd8 40. Kf4 Be6 41. Ne3 Kd7 42. d5 Bh3 43. Nc2 c6 44. Nd4 cxd5 45. exd5 Bg2 46. Nxb5 Bxd5 47. Nd4 Kc7 48. Nf3 Kc6 49. Nd2 Be6 50. Ke4 Kc5 51. b4+ Kb5 52. Kd4 Kc6 53. c4 Kb6 54. Ne4 Kc6 55. b5+ Kc7 56. c5 dxc5+ 57. Kxc5 Kb7 58. Nd6+ Kb8 59. b6 Bb3 60. Kd4 f5 61. gxf6 g5 62. f7 Bxf7 63. Nxf7 h4 64. Nxg5 hxg3 65. Nf3 Kb7 66. Kc5 g2 67. Kb5 Kb8 68. Ka6 Ka8 69. b7+ Kb8 70. Ng1 1-0

[Event "Znojmo Rotunda op"]
[Site "Znojmo"]
[Date "2002.??.??"]
[Round "7"]
[White "Kubicek, Martin"]
[Black "Belunek, Zdenek"]
[Result "0-1"]
[WhiteElo "1585"]
[BlackElo "1859"]
[PlyCount "124"]
[EventDate "2002.??.??"]
[EventType "swiss"]
[EventRounds "9"]
[EventCountry "CZE"]
[SourceTitle "EXT 2003"]
[Source "ChessBase"]
[SourceDate "2002.11.25"]
[SourceVersion "1"]
[SourceVersionDate "2002.11.25"]
[SourceQuality "1"]

1. e4 e5 2. Nf3 Nc6 3. Bb5 a6 4. Bxc6 dxc6 5. Nxe5 Qd4 6. Ng4 Qxe4+ 7. Ne3 Nf6 8. 0-0 Bd6 9. Nc3 Qg6 10. d3 Be6 11. Re1 0-0-0 12. Ne2 h5 13. a3 h4 14. b4 Ng4 15. Nxg4 Bxg4 16. Qd2 Rde8 17. Bb2 Bh3 18. g3 hxg3 19. Nxg3 Be6 20. f4 Qg4 21. Be5 Bxe5 22. fxe5 Bd5 23. Qf2 Kb8 24. c4 Be6 25. Re4 Qg5 26. Rae1 Rd8 27. R4e3 Rh4 28. Kf1 Rf4 29. Rf3 Rxf3 30. Qxf3 Qd2 31. Qe2 Rxd3 32. Qxd2 Rxd2 33. c5 Rxh2 34. Kg1 Ra2 35. Re3 Bd5 36. Ne2 Rb2 37. Nd4 g6 38. Kf1 Rd2 39. Nf3 Bc4+ 40. Ke1 Rd3 41. Kf2 Kc8 42. Ng5 Rxe3 43. Kxe3 Kd7 44. Kf4 b6 45. Ke4 Bd5+ 46. Kf4 a5 47. Nh7 axb4 48. axb4 bxc5 49. bxc5 Ke7 50. Nf6 Ke6 51. Ng4 Bh1 52. Ne3 g5+ 53. Kxg5 Kxe5 54. Ng4+ Kd4 55. Kf6 Bd5 56. Ne5 Kxc5 57. Ke7 Kd4 58. Nd7 c5 59. Nb8 c4 60. Na6 c5 61. Kd6 c3 62. Nc7 Bc4 0-1